[Event "HUN-chT2 Breyer 1819"]
[Site "Hungary"]
[Date "2019.02.24"]
[Round "6.4"]
[White "Gombocz, Ferenc"]
[Black "Dupsky, Laszlo"]
[Result "0-1"]
[WhiteElo "1922"]
[BlackElo "2213"]
[PlyCount "126"]
[EventDate "2018.10.28"]
[EventType "team-tourn"]
[EventRounds "9"]
[EventCountry "HUN"]
[SourceTitle "CBM 189 Extra"]
[Source "ChessBase"]
[SourceDate "2019.06.03"]
[SourceVersion "1"]
[SourceVersionDate "2019.06.03"]
[SourceQuality "1"]
[WhiteTeam "Paty"]
[BlackTeam "Torokbalint"]
[WhiteTeamCountry "HUN"]
[BlackTeamCountry "HUN"]

1. d4 d5 2. Nf3 c5 3. e3 Nf6 4. b3 e6 5. Bb2 Be7 6. Bd3 Nc6 7. a3 Ne4 8. Nbd2 f5 9. 0-0 Bf6 10. Ne5 0-0 11. f4 Bxe5 12. dxe5 Qb6 13. c4 Nxd2 14. Qxd2 Qxb3 15. Rac1 d4 16. Rf3 Rd8 17. e4 Qb6 18. Rh3 Qc7 19. Qe2 Qf7 20. Re1 Re8 21. exf5 exf5 22. Qf2 Re6 23. Bc1 Ne7 24. g4 Rg6 25. g5 Be6 26. Qe2 b5 27. cxb5 c4 28. Bb1 Bd5 29. Rg3 Rb6 30. a4 a6 31. Qf2 Qe6 32. Qxd4 axb5 33. axb5 Rxb5 34. Ra3 Rxb1 35. Rxa8+ Bxa8 36. Qd8+ Kf7 37. Qxa8 c3 38. Qf3 Qb6+ 39. Kf1 Qb5+ 40. Kg1 Qc5+ 41. Kf1 Qc4+ 42. Kg1 Qd4+ 43. Kf1 Ke6 44. Rd1 Qc4+ 45. Qe2 Qxe2+ 46. Kxe2 Nd5 47. Rf1 Ra1 48. h4 g6 49. Rd1 Ra4 50. Kf3 Rc4 51. Rh1 c2 52. h5 gxh5 53. Bd2 Rd4 54. Bc1 Rd1 55. Kg2 Nc3 56. Be3 Rxh1 57. Kxh1 Ne2 58. Kh2 c1Q 59. Bxc1 Nxc1 60. Kg3 Nd3 61. Kf3 h4 62. Ke3 h3 63. Kf3 Nxf4 0-1

[Event "HUN-chT2 Breyer 1718"]
[Site "Hungary"]
[Date "2018.03.04"]
[Round "9.6"]
[White "Gombocz, Ferenc"]
[Black "Torok, Adam"]
[Result "1/2-1/2"]
[WhiteElo "1892"]
[BlackElo "2045"]
[PlyCount "39"]
[EventDate "2017.09.24"]
[EventType "team-tourn"]
[EventRounds "11"]
[EventCountry "HUN"]
[SourceTitle "EXT 2021"]
[Source "ChessBase"]
[SourceDate "2020.10.23"]
[SourceVersion "1"]
[SourceVersionDate "2020.10.23"]
[SourceQuality "1"]
[WhiteTeam "Paty"]
[BlackTeam "Vizugy"]
[WhiteTeamCountry "HUN"]
[BlackTeamCountry "HUN"]

1. e4 e6 2. d4 d5 3. exd5 exd5 4. Bd3 Bd6 5. Nf3 Ne7 6. 0-0 0-0 7. c4 c6 8. Qc2 h6 9. Nc3 dxc4 10. Bxc4 Bf5 11. Bd3 Bxd3 12. Qxd3 Nd5 13. Nxd5 cxd5 14. Be3 Nd7 15. Rac1 Nf6 16. Ne5 Qe7 17. f4 Rfc8 18. Qb3 Rxc1 19. Rxc1 Rd8 20. h3 1/2-1/2

[Event "HUN-chT2 Breyer 1718"]
[Site "Hungary"]
[Date "2018.01.28"]
[Round "7.4"]
[White "Gombocz, Ferenc"]
[Black "Albrecht, Gabor"]
[Result "1/2-1/2"]
[WhiteElo "1892"]
[BlackElo "2096"]
[PlyCount "54"]
[EventDate "2017.09.24"]
[EventType "team-tourn"]
[EventRounds "11"]
[EventCountry "HUN"]
[SourceTitle "EXT 2021"]
[Source "ChessBase"]
[SourceDate "2020.10.23"]
[SourceVersion "1"]
[SourceVersionDate "2020.10.23"]
[SourceQuality "1"]
[WhiteTeam "Paty"]
[BlackTeam "Szekesfehervar"]
[WhiteTeamCountry "HUN"]
[BlackTeamCountry "HUN"]

1. d4 d5 2. Nf3 Nf6 3. e3 c5 4. b3 Bg4 5. Bb2 Nc6 6. Be2 e6 7. Nbd2 Rc8 8. c4 cxd4 9. Nxd4 Bxe2 10. Qxe2 dxc4 11. 0-0 c3 12. Bxc3 Bc5 13. N2f3 Nxd4 14. Bxd4 0-0 15. Rfd1 Qe7 16. h3 Ne4 17. Bxc5 Rxc5 18. Rd4 Qf6 19. Re1 Nc3 20. Qd2 Rfc8 21. e4 h6 22. e5 Qf5 23. Rd8+ Rxd8 24. Qxd8+ Kh7 25. Qd4 Qc2 26. Qd7 Ne4 27. Rf1 Rc3 1/2-1/2

[Event "HUN-chT2 Breyer 1617"]
[Site "Hungary"]
[Date "2016.11.13"]
[Round "2.7"]
[White "Balogh, Peter1111"]
[Black "Gombocz, Ferenc"]
[Result "1/2-1/2"]
[WhiteElo "2119"]
[BlackElo "1930"]
[PlyCount "72"]
[EventDate "2016.10.30"]
[EventType "team-tourn"]
[EventRounds "9"]
[EventCountry "HUN"]
[SourceTitle "EXT 2021"]
[Source "ChessBase"]
[SourceDate "2020.10.23"]
[SourceVersion "1"]
[SourceVersionDate "2020.10.23"]
[SourceQuality "1"]
[WhiteTeam "Kisber Aszar"]
[BlackTeam "Paty"]
[WhiteTeamCountry "HUN"]
[BlackTeamCountry "HUN"]

1. e4 c5 2. Nf3 Nc6 3. b3 e5 4. Bb2 d6 5. Bb5 g6 6. h4 Bg4 7. Bxc6+ bxc6 8. d3 Bg7 9. Nbd2 Ne7 10. Nc4 Nc8 11. Ne3 h5 12. Qe2 a5 13. a4 Bf6 14. Nxg4 hxg4 15. Nd2 Rxh4 16. Rxh4 Bxh4 17. Qxg4 Nb6 18. 0-0-0 Bf6 19. Nc4 Nxc4 20. dxc4 Qd7 21. Qf3 Qe7 22. Kb1 Bg5 23. Qd3 Kd7 24. g3 Kc7 25. Bc3 f5 26. f3 Qe6 27. Re1 Kb6 28. Rd1 Be7 29. Qd2 fxe4 30. fxe4 Qg4 31. Rf1 Qxg3 32. Rf7 Qg1+ 33. Ka2 Qg5 34. Qxg5 Bxg5 35. Rg7 Rd8 36. Kb2 Be3 1/2-1/2

[Event "Balatonalmadi Pannonia Cup 20th"]
[Site "Balatonalmadi"]
[Date "2015.07.29"]
[Round "1"]
[White "Gombocz, Ferenc"]
[Black "Balint, Vilmos"]
[Result "0-1"]
[WhiteElo "1920"]
[BlackElo "2218"]
[PlyCount "88"]
[EventDate "2015.07.29"]
[EventType "swiss"]
[EventRounds "7"]
[EventCountry "HUN"]
[SourceTitle "EXT 2016"]
[Source "ChessBase"]
[SourceDate "2015.10.08"]
[SourceVersion "1"]
[SourceVersionDate "2015.10.08"]
[SourceQuality "1"]

1. d4 Nf6 2. Nf3 e6 3. e3 b6 4. Bd3 Bb7 5. 0-0 c5 6. b3 Be7 7. Bb2 0-0 8. Nbd2 d5 9. Ne5 cxd4 10. exd4 Ne8 11. f4 g6 12. Rf3 Nd7 13. Rh3 Ndf6 14. Qf3 Nd6 15. Re1 Nde4 16. Re2 a5 17. g4 Nxd2 18. Rxd2 Ne4 19. Bxe4 dxe4 20. Qe3 f6 21. Nc4 b5 22. Na3 Qd7 23. c4 Bb4 24. Rf2 bxc4 25. Nxc4 Ra7 26. a3 Be7 27. f5 exf5 28. gxf5 g5 29. Nd2 Qd5 30. Nc4 Bd8 31. Rg3 Bc6 32. h4 h6 33. hxg5 hxg5 34. Rh3 Rff7 35. Rfh2 Rh7 36. Rxh7 Rxh7 37. Rxh7 Kxh7 38. Qh3+ Kg7 39. a4 e3 40. Nxe3 Qxb3 41. Bc1 Qc3 42. Qf1 Bb6 43. Qc4 Qe1+ 44. Nf1 Qe4 0-1

[Event "HUN-chT2 Charousek 1415"]
[Site "Hungary"]
[Date "2014.10.12"]
[Round "1"]
[White "Gombocz, Ferenc"]
[Black "Berta, Tibor"]
[Result "0-1"]
[WhiteElo "1935"]
[BlackElo "2071"]
[PlyCount "100"]
[EventDate "2014.10.12"]
[EventType "team-tourn"]
[EventRounds "9"]
[EventCountry "HUN"]
[SourceTitle "EXT 2016"]
[Source "ChessBase"]
[SourceDate "2015.10.08"]
[SourceVersion "1"]
[SourceVersionDate "2015.10.08"]
[SourceQuality "1"]
[WhiteTeam "Biatorbagy"]
[BlackTeam "Paks ASE II"]
[WhiteTeamCountry "HUN"]
[BlackTeamCountry "HUN"]

1. e4 Nf6 2. Nc3 d5 3. exd5 Nxd5 4. d4 Bf5 5. a3 e6 6. Bd3 Bg6 7. Bxg6 hxg6 8. Nf3 Be7 9. Nxd5 Qxd5 10. Be3 0-0 11. 0-0 Nd7 12. Qe2 Bf6 13. Rfd1 Rfd8 14. c4 Qe4 15. Kf1 b6 16. Bg5 Qf5 17. Bxf6 Nxf6 18. Ne5 Rd6 19. Qf3 Rad8 20. Qxf5 gxf5 21. Nf3 c5 22. Ke2 cxd4 23. Rd3 Nh5 24. g3 f6 25. Rad1 e5 26. Nh4 f4 27. Nf5 R6d7 28. g4 f3+ 29. Kxf3 Nf4 30. R3d2 Ne6 31. b4 Kf7 32. h4 g6 33. Ng3 Rc7 34. Rc1 Rdc8 35. Ne4 Ke7 36. Rdc2 f5 37. gxf5 gxf5 38. Nd2 Kf6 39. Rg1 e4+ 40. Kg2 d3 41. Rcc1 Nf4+ 42. Kf1 Ne2 43. Re1 Nxg1 44. Kxg1 Rh8 45. f3 Rg7+ 46. Kf2 Rxh4 47. fxe4 Rh2+ 48. Ke3 Rg3+ 49. Nf3 d2 50. Rd1 Rhh3 0-1

[Event "HUN-chT2 Breyer 1314"]
[Site "Hungary"]
[Date "2014.04.27"]
[Round "9"]
[White "Korodi, Mihaly"]
[Black "Gombocz, Ferenc"]
[Result "0-1"]
[WhiteElo "1838"]
[BlackElo "1979"]
[PlyCount "58"]
[EventDate "2013.09.08"]
[EventType "team-tourn"]
[EventRounds "9"]
[EventCountry "HUN"]
[SourceTitle "EXT 2016"]
[Source "ChessBase"]
[SourceDate "2015.10.08"]
[SourceVersion "1"]
[SourceVersionDate "2015.10.08"]
[SourceQuality "1"]
[WhiteTeam "Tatabanya Turul"]
[BlackTeam "Biatorbagy"]
[WhiteTeamCountry "HUN"]
[BlackTeamCountry "HUN"]

1. e4 c5 2. Nf3 Nc6 3. d4 cxd4 4. Nxd4 Nf6 5. Nc3 e5 6. Nb3 Bb4 7. Bd3 Bxc3+ 8. bxc3 d5 9. Bg5 dxe4 10. Bxf6 Qxf6 11. Bxe4 0-0 12. 0-0 Bf5 13. Qe2 Bxe4 14. Qxe4 Qe7 15. Rfd1 Rad8 16. Rd3 Qa3 17. g3 g6 18. Qc4 Qb2 19. Rad1 Rxd3 20. Rxd3 Qxc2 21. Rd7 e4 22. Nd4 Qc1+ 23. Qf1 Qxc3 24. Nxc6 Qxc6 25. Qd1 a6 26. Qd4 b5 27. Rd6 Qc1+ 28. Kg2 Qa3 29. Qxe4 Qxd6 0-1

[Event "Budapest Art Pub Cup 2nd"]
[Site "Budapest"]
[Date "2013.08.10"]
[Round "2"]
[White "Berki, Zsofi Anna"]
[Black "Gombocz, Ferenc"]
[Result "1-0"]
[WhiteElo "1639"]
[BlackElo "1996"]
[PlyCount "95"]
[EventDate "2013.08.09"]
[EventType "swiss"]
[EventRounds "6"]
[EventCountry "HUN"]
[SourceTitle "CBM 156 Extra"]
[Source "ChessBase"]
[SourceDate "2013.10.22"]
[SourceVersion "1"]
[SourceVersionDate "2013.10.22"]
[SourceQuality "1"]

1. d4 d5 2. e3 g6 3. Bd3 Bg7 4. f4 Nf6 5. Nf3 Ne4 6. Nbd2 Bf5 7. 0-0 0-0 8. Qe1 Nc6 9. a3 Re8 10. b4 a6 11. c4 e6 12. Bb2 h6 13. Ne5 Nxe5 14. fxe5 Nxd2 15. Qxd2 Bxd3 16. Qxd3 Rc8 17. c5 c6 18. Rf3 Rf8 19. a4 Qg5 20. b5 axb5 21. axb5 h5 22. Bc1 Qh4 23. Bd2 Rb8 24. Bb4 Rfd8 25. Raf1 Rd7 26. Ba5 Qg5 27. Qb3 Ra8 28. Bd2 Qh6 29. Qd3 Rf8 30. Ra1 Rdd8 31. Ra7 Rd7 32. bxc6 Rc7 33. cxb7 Rb8 34. Qb5 Qg5 35. Ra8 Qd8 36. Rxb8 Qxb8 37. c6 Bf8 38. Ba5 Re7 39. c7 Rxc7 40. Bxc7 Qxc7 41. b8Q Qe7 42. Q5b7 Qxb7 43. Qxb7 Kh7 44. Qxf7+ Kh6 45. Qxf8+ Kg5 46. Rg3+ Kh4 47. Qf6+ g5 48. Qxg5# 1-0

[Event "Budapest Art Pub Cup 2nd"]
[Site "Budapest"]
[Date "2013.08.10"]
[Round "2"]
[White "Szurkos, Andras"]
[Black "Gombocz, Ferenc"]
[Result "0-1"]
[WhiteElo "1786"]
[BlackElo "1996"]
[PlyCount "84"]
[EventDate "2013.08.09"]
[EventType "swiss"]
[EventRounds "6"]
[EventCountry "HUN"]
[SourceTitle "CBM 156 Extra"]
[Source "ChessBase"]
[SourceDate "2013.10.22"]
[SourceVersion "1"]
[SourceVersionDate "2013.10.22"]
[SourceQuality "1"]

1. e4 c5 2. Nf3 Nc6 3. c3 Nf6 4. e5 Nd5 5. d4 cxd4 6. cxd4 g6 7. Nc3 Nxc3 8. bxc3 Bg7 9. Bc4 0-0 10. 0-0 d6 11. exd6 Qxd6 12. h3 Qc7 13. Bd3 Na5 14. Bd2 Be6 15. Ng5 Bc4 16. Be3 Bxd3 17. Qxd3 Nc4 18. Rac1 Rac8 19. f4 e6 20. Ne4 b6 21. Rf3 Rfd8 22. Qe2 Nxe3 23. Qxe3 Bxd4 24. cxd4 Qxc1+ 25. Qxc1 Rxc1+ 26. Kh2 Rxd4 27. Nf6+ Kg7 28. Ng4 Ra4 29. a3 Ra1 30. h4 R4xa3 31. Rf2 R1a2 32. Rf1 Rc3 33. Rd1 Rcc2 34. Ne3 Rd2 35. Rg1 b5 36. Nf1 Rd1 37. Kg3 b4 38. Kf3 b3 39. g4 b2 40. h5 b1Q 41. h6+ Kxh6 42. Nd2 Qd3+ 0-1

[Event "Budapest Art Pub Cup 2nd"]
[Site "Budapest"]
[Date "2013.08.09"]
[Round "1"]
[White "Gombocz, Ferenc"]
[Black "Kovacs, Gabor Etele"]
[Result "1-0"]
[WhiteElo "1996"]
[BlackElo "1571"]
[PlyCount "93"]
[EventDate "2013.08.09"]
[EventType "swiss"]
[EventRounds "6"]
[EventCountry "HUN"]
[SourceTitle "CBM 156 Extra"]
[Source "ChessBase"]
[SourceDate "2013.10.22"]
[SourceVersion "1"]
[SourceVersionDate "2013.10.22"]
[SourceQuality "1"]

1. d4 d5 2. Nf3 c5 3. e3 Nc6 4. h3 Nf6 5. c3 e6 6. Bd3 Bd6 7. 0-0 0-0 8. Nbd2 Re8 9. e4 dxe4 10. Nxe4 Nxe4 11. Bxe4 Bd7 12. Bxh7+ Kxh7 13. Ng5+ Kg8 14. Qh5 Qf6 15. Qh7+ Kf8 16. Ne4 Qf5 17. Qxf5 exf5 18. Nxd6 Re2 19. dxc5 b6 20. b3 bxc5 21. Be3 Ne5 22. Bxc5 Kg8 23. Bd4 Ng6 24. Rfe1 Rxe1+ 25. Rxe1 Nh4 26. Rc1 a5 27. c4 Bc6 28. f3 Bxf3 29. Bf2 Nxg2 30. Nxf5 Nf4 31. Kh2 Re8 32. Re1 Rxe1 33. Bxe1 Nd3 34. Bxa5 Nc1 35. c5 Nxa2 36. c6 g6 37. c7 Bb7 38. c8Q+ Bxc8 39. Ne7+ Kg7 40. Nxc8 g5 41. Bd2 Kg6 42. Ne7+ Kf6 43. Nd5+ Kf5 44. Kg3 f6 45. Nb4 Nxb4 46. Bxb4 Ke4 47. Bd2 1-0

[Event "Balatonalmadi Pannonia Cup 18th"]
[Site "Balatonalmadi"]
[Date "2013.07.26"]
[Round "4"]
[White "Gombocz, Ferenc"]
[Black "Horvath, Lajos"]
[Result "1-0"]
[WhiteElo "1996"]
[BlackElo "1856"]
[PlyCount "95"]
[EventDate "2013.07.24"]
[EventType "swiss"]
[EventRounds "7"]
[EventCountry "HUN"]
[SourceTitle "EXT 2016"]
[Source "ChessBase"]
[SourceDate "2015.10.08"]
[SourceVersion "1"]
[SourceVersionDate "2015.10.08"]
[SourceQuality "1"]

1. d4 Nf6 2. Nf3 d5 3. e3 Bg4 4. Nbd2 e6 5. Bd3 Nbd7 6. h3 Bh5 7. 0-0 Bd6 8. e4 dxe4 9. Nxe4 Qe7 10. c4 Nxe4 11. Bxe4 c6 12. Qb3 Nf6 13. Bg5 Bxf3 14. Qxf3 0-0-0 15. a3 h6 16. Bxf6 gxf6 17. b4 Bb8 18. Rfd1 f5 19. Bc2 Qc7 20. b5 Rhg8 21. bxc6 Qh2+ 22. Kf1 Qh1+ 23. Ke2 Qxg2 24. cxb7+ Kc7 25. Rab1 Qxf3+ 26. Kxf3 Rg5 27. Rb3 Rh5 28. Ke2 Rh4 29. d5 Rxc4 30. Bd3 Rc5 31. dxe6 fxe6 32. Rg1 Kd6 33. Rg6 h5 34. Rh6 f4 35. Be4 Re8 36. Bf3 Rc2+ 37. Ke1 Rg8 38. Rd3+ Kc7 39. Rd2 Rc3 40. Ke2 Re8 41. Rxh5 e5 42. Be4 Rxa3 43. Rc2+ Kb6 44. Rh6+ Kb5 45. Bc6+ Kb4 46. Bxe8 f3+ 47. Kd1 e4 48. Rh4 1-0

[Event "Balatonalmadi Pannonia Cup 18th"]
[Site "Balatonalmadi"]
[Date "2013.07.25"]
[Round "2"]
[White "Gombocz, Ferenc"]
[Black "Raba, Rudolf"]
[Result "1-0"]
[WhiteElo "1996"]
[BlackElo "1829"]
[PlyCount "45"]
[EventDate "2013.07.24"]
[EventType "swiss"]
[EventRounds "7"]
[EventCountry "HUN"]
[SourceTitle "EXT 2016"]
[Source "ChessBase"]
[SourceDate "2015.10.08"]
[SourceVersion "1"]
[SourceVersionDate "2015.10.08"]
[SourceQuality "1"]

1. d4 Nf6 2. Nf3 d5 3. e3 g6 4. Bd3 Bg7 5. Nbd2 a6 6. c3 Nbd7 7. e4 dxe4 8. Nxe4 Nxe4 9. Bxe4 Nf6 10. Bd3 0-0 11. Bg5 e6 12. Qd2 c6 13. Bh6 Qa5 14. Ne5 Bd7 15. h4 Rad8 16. h5 Qd5 17. f3 Be8 18. Bxg7 Kxg7 19. hxg6 fxg6 20. Qh6+ Kg8 21. Bxg6 Bxg6 22. Nxg6 Qf5 23. Ne7+ 1-0

[Event "Mosonmagyarovar op 2nd"]
[Site "Mosonmagyarovar"]
[Date "2013.05.31"]
[Round "2"]
[White "Jurak, Miklosne"]
[Black "Gombocz, Ferenc"]
[Result "0-1"]
[WhiteElo "1689"]
[BlackElo "1997"]
[PlyCount "94"]
[EventDate "2013.05.31"]
[EventType "swiss"]
[EventRounds "7"]
[EventCountry "HUN"]
[SourceTitle "EXT 2014"]
[Source "ChessBase"]
[SourceDate "2013.11.20"]
[SourceVersion "1"]
[SourceVersionDate "2013.11.20"]
[SourceQuality "1"]

1. d4 Nf6 2. c4 e6 3. Nf3 d5 4. Bg5 Be7 5. Nc3 0-0 6. Qc2 c6 7. a4 Na6 8. e3 Nb4 9. Qb1 a5 10. Be2 h6 11. Bxf6 Bxf6 12. 0-0 Qc7 13. cxd5 exd5 14. Rc1 Qe7 15. Na2 Re8 16. Nxb4 Qxb4 17. Qc2 g6 18. Bd3 Kg7 19. h3 Bd7 20. Ra3 Qe7 21. Rb3 Rab8 22. Rb6 Qd8 23. Rb3 Qc8 24. Kh2 Bd8 25. Ng1 Bc7+ 26. g3 Qd8 27. Bf1 Qf6 28. Bg2 Bd6 29. f4 Bb4 30. Nf3 c5 31. dxc5 Bxa4 32. Ne5 Qe6 33. Qd3 Bxb3 34. Qxb3 Rbd8 35. c6 bxc6 36. Rxc6 Rd6 37. Rxd6 Qxd6 38. Bxd5 f6 39. Nc6 Rc8 40. Nxb4 axb4 41. e4 Rd8 42. Qa4 f5 43. Qa7+ Rd7 44. Qd4+ Kh7 45. Qe5 fxe4 46. Qxd6 Rxd6 47. Bxe4 Rd2+ 0-1

[Event "HUN-chT2 Breyer 1213"]
[Site "Hungary"]
[Date "2013.03.24"]
[Round "9.9"]
[White "Tegzes, Laszlo"]
[Black "Gombocz, Ferenc"]
[Result "1-0"]
[WhiteElo "2127"]
[BlackElo "1997"]
[PlyCount "61"]
[EventDate "2012.09.16"]
[EventType "team-tourn"]
[EventRounds "11"]
[EventCountry "HUN"]
[SourceTitle "EXT 2014"]
[Source "ChessBase"]
[SourceDate "2013.11.20"]
[SourceVersion "1"]
[SourceVersionDate "2013.11.20"]
[SourceQuality "1"]
[WhiteTeam "Husi"]
[BlackTeam "Biatorbagy"]
[WhiteTeamCountry "HUN"]
[BlackTeamCountry "HUN"]

1. e4 c5 2. c3 Nf6 3. e5 Nd5 4. d4 cxd4 5. cxd4 e6 6. Nf3 d6 7. Nc3 Nxc3 8. bxc3 Qc7 9. Qb3 Nd7 10. Bf4 b6 11. Bd3 h6 12. 0-0 Bb7 13. Rfe1 Bxf3 14. gxf3 dxe5 15. dxe5 Be7 16. Rad1 0-0 17. Bb1 Rfd8 18. Kh1 Bg5 19. Bg3 Nc5 20. Qc2 Qc6 21. Qh7+ Kf8 22. Kg2 Bd2 23. Re2 Bxc3 24. Rxd8+ Rxd8 25. Qh8+ Ke7 26. Qxg7 Qb5 27. Bg6 Rf8 28. Rc2 Qb4 29. Qf6+ Ke8 30. Bh4 Nb7 31. Qxe6+ 1-0

[Event "Tatabanya Genius Cup 1st"]
[Site "Tatabanya"]
[Date "2013.03.15"]
[Round "2"]
[White "Kantor, Gergo"]
[Black "Gombocz, Ferenc"]
[Result "1-0"]
[WhiteElo "1523"]
[BlackElo "1997"]
[PlyCount "63"]
[EventDate "2013.03.14"]
[EventType "swiss"]
[EventRounds "6"]
[EventCountry "HUN"]
[SourceTitle "EXT 2014"]
[Source "ChessBase"]
[SourceDate "2013.11.20"]
[SourceVersion "1"]
[SourceVersionDate "2013.11.20"]
[SourceQuality "1"]

1. e4 e5 2. Nf3 Nc6 3. Bc4 Nf6 4. Ng5 Qe7 5. Bxf7+ Kd8 6. Bb3 d5 7. d3 Be6 8. Nxe6+ Qxe6 9. Bg5 Ne7 10. Nc3 c6 11. Qf3 h6 12. Bxf6 gxf6 13. exd5 cxd5 14. Nxd5 Nxd5 15. Qxd5+ Qxd5 16. Bxd5 Rc8 17. c4 Bb4+ 18. Ke2 Kc7 19. a3 Bc5 20. b4 Bd4 21. Rab1 Kb8 22. b5 Bc5 23. a4 b6 24. f3 a6 25. bxa6 Ka7 26. Bb7 Rc7 27. g4 Rg8 28. h3 Rgg7 29. Rh2 Bd6 30. Rg2 Rg5 31. Kf1 Rc5 32. Rb5 1-0

[Event "HUN-chT2 Breyer 1011"]
[Site "Hungary"]
[Date "2011.05.01"]
[Round "10.8"]
[White "Nagy, Ferenc2222"]
[Black "Gombocz, Ferenc"]
[Result "1/2-1/2"]
[WhiteElo "2011"]
[BlackElo "2026"]
[PlyCount "62"]
[EventDate "2010.09.12"]
[EventType "team-tourn"]
[EventRounds "11"]
[EventCountry "HUN"]
[SourceTitle "EXT 2012"]
[Source "ChessBase"]
[SourceDate "2011.11.24"]
[SourceVersion "1"]
[SourceVersionDate "2011.11.24"]
[SourceQuality "1"]
[WhiteTeam "Geniusz Tata"]
[BlackTeam "Biatorbagy"]
[WhiteTeamCountry "HUN"]
[BlackTeamCountry "HUN"]

1. d4 d5 2. c4 c6 3. cxd5 cxd5 4. Nf3 Nf6 5. Bf4 Bf5 6. e3 e6 7. Bb5+ Nc6 8. 0-0 a6 9. Bxc6+ bxc6 10. Qa4 Qb6 11. Ne5 Qb5 12. Qxb5 cxb5 13. Nd2 Bb4 14. Ndf3 Ne4 15. Rfc1 0-0 16. Nc6 Bd6 17. Bxd6 Nxd6 18. Ne7+ Kh8 19. Rc6 Rfe8 20. Nxf5 Nxf5 21. Rac1 Ne7 22. Rc7 Kg8 23. Kf1 Kf8 24. Ke2 Rec8 25. Kd3 f6 26. Nd2 Rxc7 27. Rxc7 Rc8 28. Rxc8+ Nxc8 29. Nb3 Ke7 30. Kc3 Nd6 31. f3 Nc4 1/2-1/2

[Event "HUN-chT2 Breyer 1011"]
[Site "Hungary"]
[Date "2011.04.17"]
[Round "9.8"]
[White "Zalan, Janos"]
[Black "Gombocz, Ferenc"]
[Result "0-1"]
[WhiteElo "2001"]
[BlackElo "2026"]
[PlyCount "58"]
[EventDate "2010.09.12"]
[EventType "team-tourn"]
[EventRounds "11"]
[EventCountry "HUN"]
[SourceTitle "EXT 2012"]
[Source "ChessBase"]
[SourceDate "2011.11.24"]
[SourceVersion "1"]
[SourceVersionDate "2011.11.24"]
[SourceQuality "1"]
[WhiteTeam "Gyor Komszomol"]
[BlackTeam "Biatorbagy"]
[WhiteTeamCountry "HUN"]
[BlackTeamCountry "HUN"]

1. e4 c5 2. Nf3 Nc6 3. Bb5 e6 4. 0-0 Nge7 5. c3 a6 6. Bxc6 bxc6 7. e5 Ng6 8. Re1 d5 9. exd6 Bxd6 10. d4 cxd4 11. Qxd4 0-0 12. Bg5 Be7 13. Bxe7 Qxe7 14. Nbd2 c5 15. Qe3 Bb7 16. Rad1 Rfd8 17. b3 a5 18. Nc4 Qc7 19. h3 a4 20. Nfe5 Bd5 21. Nd3 Rac8 22. Nd2 c4 23. bxc4 Bxc4 24. Nxc4 Qxc4 25. Nb2 Qxa2 26. Qb6 Rxd1 27. Rxd1 a3 28. Na4 Qc2 29. Rb1 Qxa4 0-1

[Event "HUN-chT2 Breyer 1011"]
[Site "Hungary"]
[Date "2010.09.26"]
[Round "2.8"]
[White "Gombocz, Ferenc"]
[Black "Draga, Balazs"]
[Result "1-0"]
[WhiteElo "2026"]
[BlackElo "1877"]
[PlyCount "58"]
[EventDate "2010.09.12"]
[EventType "team-tourn"]
[EventRounds "11"]
[EventCountry "HUN"]
[SourceTitle "EXT 2012"]
[Source "ChessBase"]
[SourceDate "2011.11.24"]
[SourceVersion "1"]
[SourceVersionDate "2011.11.24"]
[SourceQuality "1"]
[WhiteTeam "Biatorbagy"]
[BlackTeam "Zoltek"]
[WhiteTeamCountry "HUN"]
[BlackTeamCountry "HUN"]

1. e4 e6 2. d4 d5 3. Nd2 Nf6 4. e5 Nfd7 5. f4 c5 6. c3 Nc6 7. Ndf3 Qb6 8. Ne2 cxd4 9. cxd4 Bb4+ 10. Bd2 0-0 11. Bxb4 Qxb4+ 12. Qd2 Qe7 13. Nc3 a6 14. Bd3 f6 15. a3 g6 16. h4 fxe5 17. fxe5 Rxf3 18. gxf3 Nxd4 19. Qg2 Nxe5 20. 0-0-0 Nxd3+ 21. Rxd3 Qf6 22. h5 Nb3+ 23. Kb1 Qf5 24. Ne4 Bd7 25. hxg6 dxe4 26. gxh7+ Kh8 27. fxe4 Bc6 28. Rg1 Qxh7 29. Rh1 Nc5 1-0

[Event "HUN-chT2 Breyer 0910"]
[Site "Hungary"]
[Date "2010.04.11"]
[Round "9"]
[White "Pregitzer, Gyorgy"]
[Black "Gombocz, Ferenc"]
[Result "1/2-1/2"]
[WhiteElo "1960"]
[BlackElo "2032"]
[PlyCount "145"]
[EventDate "2009.11.08"]
[EventType "team-tourn"]
[EventRounds "11"]
[EventCountry "HUN"]
[SourceTitle "EXT 2011"]
[Source "ChessBase"]
[SourceDate "2010.11.26"]
[SourceVersion "1"]
[SourceVersionDate "2010.11.26"]
[SourceQuality "1"]
[WhiteTeam "Zsambek"]
[BlackTeam "Biatorbagy"]
[WhiteTeamCountry "HUN"]
[BlackTeamCountry "HUN"]

1. f4 d6 2. e4 e5 3. d3 Nc6 4. fxe5 dxe5 5. Nf3 Bc5 6. c3 Bb6 7. Na3 Bg4 8. Nc4 f6 9. b4 a5 10. b5 Na7 11. a4 c6 12. bxc6 Nxc6 13. Rb1 Bc5 14. Rxb7 Nge7 15. Rb5 Ba7 16. Be2 Be6 17. Ne3 0-0 18. 0-0 Rb8 19. Kh1 Qc7 20. c4 Rfd8 21. Nd5 Qd6 22. Qb3 Bc5 23. Bd2 Bd7 24. Rb1 Bb4 25. Nxb4 Nxb4 26. Bxb4 axb4 27. Rxb4 Ra8 28. Rb6 Qc5 29. Qb4 Qxb4 30. R1xb4 Bxa4 31. Kg1 Bc2 32. Ne1 Ba4 33. Kf2 Be8 34. Bg4 Nc6 35. Rb2 Nd4 36. Ke3 Bf7 37. h4 Kf8 38. Nf3 h5 39. Bh3 Nxf3 40. gxf3 Ra3 41. R6b3 Rxb3 42. Rxb3 Be8 43. Be6 Bd7 44. Bxd7 Rxd7 45. f4 Ke7 46. f5 Kf7 47. Rb5 g6 48. fxg6+ Kxg6 49. Rd5 Ra7 50. c5 Ra6 51. Kd2 Kf7 52. Kc3 Ke6 53. Rd8 f5 54. Kb4 f4 55. Rf8 Ra1 56. Rf5 Rd1 57. Kc3 Rc1+ 58. Kd2 Rh1 59. Rxh5 Rh2+ 60. Kc3 f3 61. Rf5 f2 62. h5 Rxh5 63. Rxf2 Rh1 64. Rc2 Kd7 65. Kc4 Kc6 66. Kb3 Rd1 67. Rc3 Rd2 68. Kc4 Rd1 69. Rc2 Ra1 70. Kc3 Rd1 71. Kc4 Ra1 72. Kb4 Rd1 73. Kc3 1/2-1/2

[Event "HUN-chT2 Breyer 0910"]
[Site "Hungary"]
[Date "2009.12.06"]
[Round "3"]
[White "Gombocz, Ferenc"]
[Black "Pram, Imre"]
[Result "1/2-1/2"]
[WhiteElo "2032"]
[BlackElo "2081"]
[PlyCount "77"]
[EventDate "2009.11.08"]
[EventType "team-tourn"]
[EventRounds "11"]
[EventCountry "HUN"]
[SourceTitle "EXT 2011"]
[Source "ChessBase"]
[SourceDate "2010.11.26"]
[SourceVersion "1"]
[SourceVersionDate "2010.11.26"]
[SourceQuality "1"]
[WhiteTeam "Biatorbagy"]
[BlackTeam "Gyor Komszomol"]
[WhiteTeamCountry "HUN"]
[BlackTeamCountry "HUN"]

1. e4 c5 2. Nf3 e6 3. g3 Nc6 4. Bg2 d6 5. 0-0 Nf6 6. Re1 Be7 7. c3 Qb6 8. d4 cxd4 9. Nxd4 0-0 10. Qb3 Qc7 11. Be3 a6 12. Nd2 Ng4 13. Nc4 Nxe3 14. Nxe3 Bd7 15. Rad1 Rac8 16. f4 Na5 17. Qc2 Nc4 18. Qb3 Nxe3 19. Rxe3 b5 20. Kh1 h6 21. Red3 e5 22. Nf5 Bxf5 23. exf5 exf4 24. gxf4 Qc5 25. Bd5 Qf2 26. Rf3 Qe2 27. Rg3 Bf6 28. Rdg1 Kh8 29. R1g2 Qe7 30. Rg1 Rc7 31. Qd1 Rc5 32. Rd3 a5 33. Qd2 Qd7 34. Be4 Qe7 35. Bd5 Re8 36. b3 Qd7 37. c4 Qxf5 38. Bxf7 Rf8 39. Bd5 1/2-1/2